Finances publiques (notice n° 2181947)

détails MARC
000 -LEADER
fixed length control field 01111cam a2200133 4500500
005 - DATE AND TIME OF LATEST TRANSACTION
control field 20260405052004.0
041 ## - LANGUAGE CODE
Language code of text/sound track or separate title fre
042 ## - AUTHENTICATION CODE
Authentication code dc
100 10 - MAIN ENTRY--PERSONAL NAME
Personal name Waserman, Franck
Relator term author
245 00 - TITLE STATEMENT
Title Finances publiques
260 ## - PUBLICATION, DISTRIBUTION, ETC.
Name of publisher, distributor, etc. La Documentation française,<br/>
Date of publication, distribution, etc. 2026.<br/>
520 ## - SUMMARY, ETC.
Summary, etc. L’ouvrage indispensable pour acquérir des bases solides en finances publiques. Cette nouvelle édition mise à jour propose dans un format « poche » l’essentiel de ce qu’il faut retenir des finances publiques : définitions, histoire,  cadre budgétaire général dont : les grandes questions fiscales, les règles de la comptabilité publique, les modalités de contrôle, les finances de l’État, celles des collectivités territoriales et les comptes de la protection sociale. C’est, notamment, un outil indispensable aux étudiants préparant concours et examens. Les principales nouveautés de cette édition portent sur des thèmes très actuels (ex. : lutte contre la fraude sociale…).
856 41 - ELECTRONIC LOCATION AND ACCESS
Uniform Resource Identifier <a href="https://droit.cairn.info/finances-publiques--9782111742116?lang=fr&redirect-ssocas=7080">https://droit.cairn.info/finances-publiques--9782111742116?lang=fr&redirect-ssocas=7080</a>

Pas d'exemplaire disponible.

PLUDOC

PLUDOC est la plateforme unique et centralisée de gestion des bibliothèques physiques et numériques de Guinée administré par le CEDUST. Elle est la plus grande base de données de ressources documentaires pour les Étudiants, Enseignants chercheurs et Chercheurs de Guinée.

Adresse

627 919 101/664 919 101

25 boulevard du commerce
Kaloum, Conakry, Guinée

Réseaux sociaux

Powered by Netsen Group @ 2025